000 00457nam a2200181Ia 4500
001 14099
005 20260306164849.0
008 260306t2009||||xx |||||||||||||| ||spa||
041 _aESP
082 _a006.454
_bM525
100 _aMcLoughlin, Ian
_eAUT
245 0 _aApplied speech and audio processing:
_bwith Matlab examples
260 _c2009
300 _ax, 206 páginas :
_c25 cm.
650 _aGEN
654 _aCCC
942 _cLIB
_dJUS
_fJUS
_2ddc
_n
999 _c14099
_d14099